000 01104nam a2200241Ia 4500
003 Ost
005 20260507075359.0
008 260507s9999||||xx |||||||||||||| ||und||
020 _a68723299579
040 _cfsecg
041 _aara
082 _a330
100 _aالطويل، أكرم أحمد رضا
_eمؤلف
245 0 _aالتوزيع المادي وعناصر خدمة الزبون /
_c أكرم أحمد رضا الطويل
260 _aعمان:
_bدار الحامد للنشر والتوزيع,
_c2015
300 _a245 صفحة؛
_bإيضاحات ؛
_c25 سم
504 _aالملاحق ص.235 المصادر ص.219
520 _aالتوزيع المادي، عناصر خدمة الزبون ، دراسات تتعلق بالموضوع ومنهجية الدراسة، تحليل ووصف وتشخيص واقع متغيرات الدراسة الاستنتاجات والتوصيات
653 _aأدارة المبيعات
653 _aالتسويق
700 _aالجنابي، هضيمة عبد الواحد سلطان
_eمؤلف ثانوي
942 _cكتاب
999 _c44261
_d44261